Chémia doplnkové učebné texty pre 3. ročník gymnázií: deriváty uhľovodíkov : (pokračovanie)

Bibliographic Details
Main Authors: Pacák, Josef, 1927-2010 (Author), Hrnčiar, Pavol, 1930-2007 (Author, Translator), Halbych, Josef, 1932- (Author), Kopriva, Jaroslav (Author)
Other Authors: Petrovič, Pavel, 1941- (Translator)
Format: Book
Language:Slovak
Czech
PhysicalDescription:42 strán schémy 21 cm
Published: Bratislava Slovenské pedagogické nakladateľstvo 2004
ISBN:8010005940
Edition:4. vyd.
Subjects:

MARC

LEADER 00000cam a2200000 a 4500
001 vtls001480265
003 SK-MaSNL
005 20260301122202.0
008 220107s2004 xo l drp 00000 slo
015 |a SNBA2006/05-02751 
020 |a 8010005940  |q (brožované) 
035 |a SNK000435563 
035 |a urn:nbn:sk:snk-am3iy0s 
035 |a A3EC47FA-2A46-4619-B628-46D14262F9B0 
035 |a urn:nbn:sk:snk-am00g40u 
040 |a SNK  |b slo  |c SNK  |e AACR2 
041 1 |a slo  |h cze 
044 |a xo  |c SK 
072 7 |a 547  |x Organická chémia  |2 konspekt 
080 |a (075.3)  |2 2011 
080 |a 547  |2 2011 
080 |a 547.55  |2 2011 
130 0 |a Chemie pro 2. ročník gymnázií  |l Slovensky  |9 467358 
245 1 0 |a Chémia  |b doplnkové učebné texty pre 3. ročník gymnázií: deriváty uhľovodíkov : (pokračovanie)  |c Josef Pacák ... [et al.] ; [z českého originálu preložil Pavol Hrnčiar, Pavel Petrovič] 
250 |a 4. vyd. 
260 |a Bratislava  |b Slovenské pedagogické nakladateľstvo  |c 2004 
300 |a 42 strán  |b schémy  |c 21 cm 
650 0 7 |a organická chémia  |2 SNKPH  |9 851 
650 0 7 |a deriváty aromatických uhľovodíkov  |2 SNKPH  |9 150975 
655 7 |a učebnice stredných škôl  |2 SNKPH  |9 69323 
700 1 |a Pacák, Josef,  |d 1927-2010  |4 aut  |9 212529 
700 1 |a Hrnčiar, Pavol,  |d 1930-2007  |4 aut  |4 trl  |9 37000 
700 1 |a Halbych, Josef,  |d 1932-  |4 aut  |9 100536 
700 1 |a Kopriva, Jaroslav  |4 aut  |9 15570 
700 1 |a Petrovič, Pavel,  |d 1941-  |4 trl  |9 246736 
919 |a 80-10-00594-0 
958 |a OP 
958 |a OND 
968 |b ČES 
999 |c 732014  |d 733944 
952 |a SNK  |b SNK  |y PREZ  |7 0  |p 17A0439825  |o snkSC 117031  |i snkKSP 10987/2004  |0 0  |1 0  |4 0  |d 2004-08-19  |f 1  |l 0  |r 2025-10-16 00:00:00  |w 2026-02-23 
952 |t P60, <04>, [BOOK], {604}  |a SNK  |b SNK  |y VYP  |7 0  |p 17A0439826  |o snkSC 117031 D1  |i snkKSP 10988/2004  |0 0  |1 0  |4 0  |d 2004-08-19  |l 0  |r 2005-01-02 00:00:00  |w 2026-02-23